What's Wrong with the Rorschach? (Record no. 16912)

000 -LEADER
fixed length control field 00262nam a22001097a 4500
008 - FIXED-LENGTH DATA ELEMENTS--GENERAL INFORMATION
fixed length control field 140207t xxu||||| |||| 00| 0 eng d
020 ## - INTERNATIONAL STANDARD BOOK NUMBER
International Standard Book Number 0-7879-6056-X
100 ## - MAIN ENTRY--PERSONAL NAME
Personal name James M. Wood
9 (RLIN) 651
245 ## - TITLE STATEMENT
Title What's Wrong with the Rorschach?
300 ## - PHYSICAL DESCRIPTION
Extent 446
942 ## - ADDED ENTRY ELEMENTS (KOHA)
Source of classification or shelving scheme
Koha item type Book
Holdings
Withdrawn status Lost status Source of classification or shelving scheme Damaged status Not for loan Collection code Permanent Location Current Location Date acquired Total Checkouts Full call number Barcode Date last seen Price effective from Koha item type
            Atta-ur-Rahman School of Applied Biosciences (ASAB) Atta-ur-Rahman School of Applied Biosciences (ASAB) 02/07/2014   155.2 WOO ASAB881 01/18/2016 02/07/2014 Book
© 2023 Central Library, National University of Sciences and Technology. All Rights Reserved.